[Event "Ceriano Laghetto op-B 19th"]
[Site "Ceriano Laghetto"]
[Date "2010.03.??"]
[Round "2"]
[White "Raineri, Roberto"]
[Black "Giovarruscio, Gabriele"]
[Result "1-0"]
[WhiteElo "1685"]
[BlackElo "1703"]
[PlyCount "52"]
[EventDate "2010.03.??"]
[EventType "swiss"]
[EventRounds "5"]
[EventCountry "ITA"]
[SourceTitle "EXT 2024"]
[Source "ChessBase"]
[SourceDate "2023.10.10"]
[SourceVersion "1"]
[SourceVersionDate "2023.10.10"]
[SourceQuality "1"]

1. d4 Nf6 2. c4 e6 3. Nf3 Bb4+ 4. Bd2 Bxd2+ 5. Qxd2 b6 6. Nc3 Bb7 7. g3 0-0 8. Bg2 d6 9. 0-0 Nbd7 10. d5 Nc5 11. Ne1 e5 12. b4 Ncd7 13. Nd3 a5 14. a3 Re8 15. e4 Nf8 16. c5 Ba6 17. b5 Bc8 18. c6 Bg4 19. f4 exf4 20. gxf4 Ng6 21. Qf2 Qe7 22. Rae1 Qf8 23. h3 Bh5 24. e5 dxe5 25. Qg3 Qxa3 26. fxe5 Qxc3 1-0

[Event "Ceriano Laghetto op-B 19th"]
[Site "Ceriano Laghetto"]
[Date "2010.03.??"]
[Round "4"]
[White "Raineri, Roberto"]
[Black "Palminteri, Vincenzo"]
[Result "0-1"]
[WhiteElo "1685"]
[BlackElo "1872"]
[PlyCount "28"]
[EventDate "2010.03.??"]
[EventType "swiss"]
[EventRounds "5"]
[EventCountry "ITA"]
[SourceTitle "EXT 2024"]
[Source "ChessBase"]
[SourceDate "2023.10.10"]
[SourceVersion "1"]
[SourceVersionDate "2023.10.10"]
[SourceQuality "1"]

1. d4 d6 2. c4 e5 3. Nc3 exd4 4. Qxd4 Nc6 5. Qd1 Bf5 6. e4 Bg6 7. Nf3 Nf6 8. Bg5 Be7 9. Nd2 Nxe4 10. Bxe7 Qxe7 11. Nd5 Qe5 12. Nf3 Qxb2 13. Nxc7+ Kd7 14. Nxa8 Qxf2# 0-1

[Event "Ceriano Laghetto op-B 19th"]
[Site "Ceriano Laghetto"]
[Date "2010.03.??"]
[Round "1"]
[White "Regorda, Vittorio"]
[Black "Raineri, Roberto"]
[Result "1-0"]
[WhiteElo "1865"]
[BlackElo "1685"]
[PlyCount "111"]
[EventDate "2010.03.??"]
[EventType "swiss"]
[EventRounds "5"]
[EventCountry "ITA"]
[SourceTitle "EXT 2024"]
[Source "ChessBase"]
[SourceDate "2023.10.10"]
[SourceVersion "1"]
[SourceVersionDate "2023.10.10"]
[SourceQuality "1"]

1. d4 Nf6 2. Nf3 g6 3. Nc3 d5 4. Bg5 Bg7 5. h3 0-0 6. Qd2 Ne4 7. Qc1 Nxg5 8. Qxg5 c6 9. 0-0-0 b5 10. Qh4 a5 11. Ng5 h6 12. Nf3 Na6 13. Ne5 Qd6 14. f4 a4 15. e3 Bf5 16. g4 Be4 17. Nxe4 dxe4 18. Be2 Nb4 19. Kb1 Nd5 20. Qf2 a3 21. c4 Qb4 22. b3 Nc3+ 23. Kc2 Nxa2 24. Qe1 Qxe1 25. Rhxe1 Bxe5 26. fxe5 b4 27. Ra1 Nc3 28. c5 g5 29. Bc4 e6 30. Rf1 Kg7 31. Rf6 a2 32. Kb2 Ra7 33. Raf1 Rfa8 34. Ka1 Nb1 35. R6f2 Nc3 36. Rh1 Rh8 37. h4 gxh4 38. Rhh2 Kg6 39. Rxh4 Raa8 40. Rh5 Nb1 41. Rfh2 Na3 42. Bf1 Nb1 43. g5 Nd2 44. Bc4 Nf3 45. Rxh6+ Rxh6 46. Rxh6+ Kxg5 47. Rf6 Ra7 48. Be2 Nd2 49. Bd1 Ra3 50. Rf4 Rxb3 51. Bxb3 Nxb3+ 52. Kxa2 Nxd4 53. Rxf7 Nf5 54. Kb3 Nxe3 55. Kxb4 Nc2+ 56. Kc4 1-0

[Event "Modena Province-ch"]
[Site "Ceriano Laghetto"]
[Date "2010.02.??"]
[Round "2"]
[White "Guzzetti, Luigi Enrico"]
[Black "Raineri, Roberto"]
[Result "1-0"]
[WhiteElo "1887"]
[BlackElo "1677"]
[PlyCount "39"]
[EventDate "2010.02.02"]
[EventType "swiss"]
[EventRounds "6"]
[EventCountry "ITA"]
[SourceTitle "EXT 2024"]
[Source "ChessBase"]
[SourceDate "2023.10.10"]
[SourceVersion "1"]
[SourceVersionDate "2023.10.10"]
[SourceQuality "1"]

1. e4 c5 2. Nf3 Nc6 3. d4 cxd4 4. Nxd4 g6 5. Nc3 Bg7 6. Be3 Nf6 7. Be2 0-0 8. 0-0 d5 9. Nxc6 bxc6 10. e5 Ne8 11. f4 f6 12. exf6 exf6 13. Bc5 Nd6 14. Nxd5 Rf7 15. Nb4 Bb7 16. Qxd6 Qa5 17. Bc4 Rd8 18. Bxf7+ Kxf7 19. Qe7+ Kg8 20. Rad1 1-0

[Event "Villa Guardia Coppa d'Oro 27th"]
[Site "Villa Guardia"]
[Date "2009.11.07"]
[Round "6"]
[White "Raineri, Roberto"]
[Black "Larghi, Riccardo"]
[Result "0-1"]
[WhiteElo "1677"]
[BlackElo "1864"]
[PlyCount "57"]
[EventDate "2009.10.09"]
[EventType "swiss"]
[EventRounds "8"]
[EventCountry "ITA"]
[SourceTitle "EXT 2024"]
[Source "ChessBase"]
[SourceDate "2023.10.10"]
[SourceVersion "1"]
[SourceVersionDate "2023.10.10"]
[SourceQuality "1"]

1. Nf3 c5 2. c4 Nf6 3. Nc3 e6 4. g3 b6 5. Bg2 Bb7 6. 0-0 Be7 7. d4 cxd4 8. Nxd4 Bxg2 9. Kxg2 Qc7 10. Qd3 a6 11. e4 d6 12. b3 Nbd7 13. f3 Rc8 14. Rd1 0-0 15. Be3 b5 16. Ncxb5 axb5 17. Nxb5 Qc6 18. Na7 Qb7 19. Nxc8 Rxc8 20. a4 Ne5 21. Qe2 Qxb3 22. Rab1 Qc3 23. Rdc1 Qa5 24. f4 Neg4 25. Bd2 Qa8 26. h3 Nxe4 27. Qf3 Nxd2 28. Qxa8 Rxa8 29. Rc2 0-1

[Event "Ceriano Laghetto op-B 18th"]
[Site "Ceriano Laghetto"]
[Date "2009.03.27"]
[Round "1"]
[White "Palminteri, Vincenzo"]
[Black "Raineri, Roberto"]
[Result "1-0"]
[WhiteElo "1863"]
[BlackElo "1669"]
[PlyCount "67"]
[EventDate "2009.03.27"]
[EventType "swiss"]
[EventRounds "5"]
[EventCountry "ITA"]
[SourceTitle "EXT 2011"]
[Source "ChessBase"]
[SourceDate "2010.11.26"]
[SourceVersion "1"]
[SourceVersionDate "2010.11.26"]
[SourceQuality "1"]

1. e4 c5 2. Nf3 d6 3. d4 cxd4 4. Qxd4 Nc6 5. Bb5 Bd7 6. Bxc6 Bxc6 7. Nc3 Nf6 8. Bg5 e5 9. Qd3 Be7 10. 0-0-0 Ng4 11. Bxe7 Qxe7 12. Rhf1 0-0 13. Qxd6 Qe8 14. h3 Nf6 15. Rfe1 Rd8 16. Qxe5 Bxe4 17. Qxe8 Rfxe8 18. Nxe4 Rxe4 19. Rxe4 Nxe4 20. Ne5 f6 21. Nd3 Kf7 22. f3 Ng3 23. Rd2 Re8 24. Kd1 g5 25. Rf2 Nh1 26. Re2 Ng3 27. Rxe8 Kxe8 28. Nc5 b6 29. Ne4 Nh5 30. Ke1 Ke7 31. Kf2 Nf4 32. Kg3 Ke6 33. h4 gxh4+ 34. Kxf4 1-0

[Event "Villa Guardia D Oro Cup 26th"]
[Site "Villa Guardia"]
[Date "2008.11.11"]
[Round "6"]
[White "Raineri, Roberto"]
[Black "Boffi, Luigi"]
[Result "0-1"]
[WhiteElo "1699"]
[BlackElo "1560"]
[PlyCount "80"]
[EventDate "2008.10.10"]
[EventType "swiss"]
[EventRounds "7"]
[EventCountry "ITA"]
[SourceTitle "EXT 2011"]
[Source "ChessBase"]
[SourceDate "2010.11.26"]
[SourceVersion "1"]
[SourceVersionDate "2010.11.26"]
[SourceQuality "1"]

1. d4 d5 2. c4 e6 3. cxd5 exd5 4. Nc3 Nf6 5. Bg5 Be7 6. e3 0-0 7. Bd3 c6 8. Nge2 Bg4 9. 0-0 Nbd7 10. Qc2 h6 11. Bh4 Re8 12. f3 Be6 13. Bf2 c5 14. Ng3 cxd4 15. exd4 a6 16. Nf5 Bf8 17. Bg3 Nb8 18. Rac1 Nc6 19. Qf2 Rc8 20. Kh1 Qd7 21. Ne3 Bd6 22. Bxd6 Qxd6 23. Nf5 Bxf5 24. Bxf5 Rc7 25. Rfe1 Rce7 26. Rxe7 Qxe7 27. Na4 Qe3 28. Qxe3 Rxe3 29. Nc5 Nxd4 30. Bc8 Re2 31. Rb1 Rc2 32. Bxb7 Rxc5 33. Bxa6 Ra5 34. Bd3 Rxa2 35. b4 Rd2 36. Bf1 Nd7 37. b5 Nb6 38. h3 Nc2 39. Rb2 Rd1 40. Kg1 Ne3 0-1

[Event "Villa Guardia D Oro Cup 26th"]
[Site "Villa Guardia"]
[Date "2008.11.07"]
[Round "5"]
[White "Monetti, Egidio"]
[Black "Raineri, Roberto"]
[Result "0-1"]
[WhiteElo "1628"]
[BlackElo "1699"]
[PlyCount "112"]
[EventDate "2008.10.10"]
[EventType "swiss"]
[EventRounds "7"]
[EventCountry "ITA"]
[SourceTitle "EXT 2011"]
[Source "ChessBase"]
[SourceDate "2010.11.26"]
[SourceVersion "1"]
[SourceVersionDate "2010.11.26"]
[SourceQuality "1"]

1. Nf3 c5 2. d4 cxd4 3. Nxd4 Nc6 4. e4 e5 5. Nf3 Nf6 6. Bg5 Be7 7. Bxf6 Bxf6 8. Bc4 0-0 9. Nc3 Ne7 10. Nb5 d5 11. Bxd5 Nxd5 12. Qxd5 Qxd5 13. exd5 Bd7 14. Nd6 b5 15. c3 e4 16. Nd2 Bd8 17. N2xe4 f5 18. Nc5 Rf6 19. Ndb7 Be8 20. 0-0-0 Bb6 21. b4 a5 22. d6 axb4 23. cxb4 Bxc5 24. bxc5 Rxa2 25. d7 Bxd7 26. Kb1 Rfa6 27. Rhe1 Ra1+ 28. Kb2 Rxd1 29. Rxd1 Bc6 30. Rd6 Bxb7 31. Rxa6 Bxa6 32. Kc3 Kf7 33. Kb4 Ke7 34. Ka5 Kd8 35. Kxa6 b4 36. Kb7 b3 37. c6 b2 38. c7+ Ke7 39. c8Q b1Q+ 40. Ka6 Qd3+ 41. Kb6 Qb3+ 42. Ka6 Qa4+ 43. Kb6 Qd4+ 44. Qc5+ Qd6+ 45. Qc6 Ke6 46. f4 Ke7 47. Kb5 Qxf4 48. Qb7+ Ke6 49. Qc8+ Kf6 50. Qd8+ Kg6 51. h4 Qf1+ 52. Kc5 Qxg2 53. Qe8+ Kh6 54. Qe3+ Kh5 55. Qe8+ Kxh4 56. Qf7 Qg5 0-1

[Event "Milan Crespi op-B 28th"]
[Site "Milan"]
[Date "2007.12.08"]
[Round "4"]
[White "Marino, Marco"]
[Black "Raineri, Roberto"]
[Result "0-1"]
[WhiteElo "1858"]
[BlackElo "1614"]
[PlyCount "40"]
[EventDate "2007.12.06"]
[EventType "swiss"]
[EventRounds "6"]
[EventCountry "ITA"]
[SourceTitle "EXT 2009"]
[Source "ChessBase"]
[SourceDate "2008.11.26"]
[SourceVersion "1"]
[SourceVersionDate "2008.11.26"]
[SourceQuality "1"]

1. e4 c5 2. Nf3 Nc6 3. Bb5 g6 4. 0-0 Bg7 5. c3 Nf6 6. e5 Nd5 7. d4 cxd4 8. cxd4 0-0 9. Nc3 Nxc3 10. bxc3 d6 11. exd6 Qxd6 12. Re1 Re8 13. Bb2 a6 14. Bd3 b5 15. Ng5 f5 16. Qb3+ e6 17. Ba3 Qd7 18. d5 Na5 19. dxe6 Qxd3 20. e7+ Nxb3 0-1

[Event "Milan Crespi op-B 28th"]
[Site "Milan"]
[Date "2007.12.07"]
[Round "3"]
[White "Raineri, Roberto"]
[Black "Carbone, Lorenzo"]
[Result "1/2-1/2"]
[WhiteElo "1614"]
[BlackElo "1755"]
[PlyCount "49"]
[EventDate "2007.12.06"]
[EventType "swiss"]
[EventRounds "6"]
[EventCountry "ITA"]
[SourceTitle "EXT 2009"]
[Source "ChessBase"]
[SourceDate "2008.11.26"]
[SourceVersion "1"]
[SourceVersionDate "2008.11.26"]
[SourceQuality "1"]

1. d4 d5 2. Nf3 e6 3. c4 Nf6 4. cxd5 exd5 5. Nc3 Be7 6. Qc2 b6 7. Bf4 c6 8. e3 Bb7 9. Bd3 Nbd7 10. h3 Rc8 11. Qe2 b5 12. 0-0 0-0 13. Rfc1 Re8 14. a3 Bf8 15. Nd2 a6 16. b4 Nb6 17. Nb3 Qd7 18. Nc5 Bxc5 19. bxc5 Nc4 20. Qc2 g6 21. a4 Ra8 22. Rcb1 Nh5 23. Bh2 Nf6 24. Nd1 Ne4 25. Bxc4 1/2-1/2

[Event "Villa Guardia D Oro Cup 25th"]
[Site "Villa Guardia"]
[Date "2007.11.16"]
[Round "6"]
[White "Napoli, Ferdinando"]
[Black "Raineri, Roberto"]
[Result "0-1"]
[WhiteElo "1850"]
[BlackElo "1614"]
[PlyCount "32"]
[EventDate "2007.10.05"]
[EventType "swiss"]
[EventRounds "7"]
[EventCountry "ITA"]
[SourceTitle "EXT 2010"]
[Source "ChessBase"]
[SourceDate "2010.11.25"]
[SourceVersion "1"]
[SourceVersionDate "2010.11.25"]
[SourceQuality "1"]

1. e4 c5 2. Nf3 Nc6 3. d4 cxd4 4. Nxd4 g6 5. Be3 Bg7 6. Nc3 Nf6 7. f3 0-0 8. Qd2 d5 9. Nxc6 bxc6 10. 0-0-0 e6 11. h4 a5 12. g4 a4 13. a3 Qa5 14. Qf2 Rb8 15. Bc5 Nd7 16. Bd4 e5 0-1

[Event "Como op"]
[Site "Como"]
[Date "2007.05.11"]
[Round "5"]
[White "Raineri, Roberto"]
[Black "Rizzi, Pierantonio"]
[Result "1-0"]
[WhiteElo "1565"]
[BlackElo "1410"]
[PlyCount "53"]
[EventDate "2007.04.13"]
[EventType "swiss"]
[EventRounds "7"]
[EventCountry "ITA"]
[SourceTitle "EXT 2010"]
[Source "ChessBase"]
[SourceDate "2010.11.25"]
[SourceVersion "1"]
[SourceVersionDate "2010.11.25"]
[SourceQuality "1"]

1. Nf3 Nc6 2. d4 Nf6 3. c4 e6 4. Nc3 Bb4 5. Qc2 Qe7 6. a3 Bxc3+ 7. bxc3 d6 8. e4 Na5 9. Bd3 Bd7 10. 0-0 Bc6 11. Re1 Nd7 12. d5 Ne5 13. Nxe5 dxe5 14. dxc6 Nxc6 15. a4 Qd7 16. Ba3 0-0-0 17. Rad1 Qe8 18. Rb1 f6 19. Qb2 Na5 20. Qb4 b6 21. c5 Nc6 22. Qb5 Nb8 23. Qc4 Qc6 24. cxb6 axb6 25. a5 b5 26. Qxb5 Kd7 27. Qxc6+ 1-0